000 00707nam a22002177a 4500
003 DO-SdBNP
005 20171128115249.0
008 171128b 2010 sp a|||| 00| 0 spa d
040 _aBPMSU
_bspa
_cBPMSU
082 _axxxxxx
_bxxxxxx
100 1 _aMenchón Garrido, María Luisa
245 1 3 _aLa luz siembra palabras en tu vuelo
_cMaría Luisa Menchón Garrido
260 _aEspaña :
_bGrupo literario guadiana,
_c2010.
300 _a52 p. :
_bil. ;
_c24 cm.
490 1 _aBibliográfica
_v23
500 _aIncluye datos biográficos del auto en la contracubierta
830 0 _aBibliografíca
_n23
942 _2ddc
_cBK
945 _aInventariado extranjero / 2017 BT
956 _aBPMSU
_b10
_c20171128
_d0038
999 _c13166
_d13166